Evaluación inicial de riesgos laborales por puestos de trabajo para la empresa Servicios y Químicos Industriales S.A

Presenta la evaluación inicial de riesgos laborales por puestos de trabajo para la empresa Servicios y Químicos Industriales S.A en el cual se realizó la identificación de los riesgos laborales existentes así como la evaluación de los mismos por medio de una matriz de riesgos y la caracterizac...

Full description

Bibliographic Details
Main Authors: Mena Flores, José Alexander, Oconor Oviedo, José Javier, Sandino Chávez, Norma Bernabé
Other Authors: Tutor: Cáceres Antón, Juan Agustín
Format: Tesis Section = Libro
Language:Undetermined
Spanish
Published: Managua UNI 2018
Subjects:
LEADER 01384nam a2200277Ia 4500
008 240830s9999 xx 000 0 und d
040 |a BIBLIOTECA-RUPAP Mon 363.11 M534 
041 |a spa 
082 |a Mon 363.11 M534 
100 1 |a Mena Flores, José Alexander 
100 1 |b  Oconor Oviedo, José Javier 
100 1 |c  Sandino Chávez, Norma Bernabé 
245 1 0 |a Evaluación inicial de riesgos laborales por puestos de trabajo para la empresa Servicios y Químicos Industriales S.A 
260 |a Managua  |b UNI  |c 2018 
300 |a 226 p. :il. 
500 |a Contiene anexos y CD 
502 |a Tesis (Ingeniero Industrial)- UNI, 2018. 
520 3 |a Presenta la evaluación inicial de riesgos laborales por puestos de trabajo para la empresa Servicios y Químicos Industriales S.A en el cual se realizó la identificación de los riesgos laborales existentes así como la evaluación de los mismos por medio de una matriz de riesgos y la caracterización de los riesgos mediante un mapa con el objetivo de conocer, controlar y prevenir los riesgos en los puestos de trabajo. 
650 7 |a HIGIENE Y SEGURIDAD INDUSTRIAL 
650 7 |b EVALUACION DE RIEGOS LABORALES 
650 7 |c MAPA DE RIESGOS 
650 7 |d PLAN DE PREVENCION DE RIESGOS LABORALES - DISEÑO 
700 1 |a Tutor:  |b Cáceres Antón, Juan Agustín 
942 |c BK  |2 ddc 
991 |a TESIS 
999 |c 15472